| 000 | 00397cam a22001217a 4500 | ||
|---|---|---|---|
| 008 | 180718b1912 xxu||||| |||| 00| 0 eng d | ||
| 082 | _aT19x42 M746 | ||
| 100 | _aMoney, L.G. Chiozza | ||
| 245 |
_aThings that matter: papers upon subjects which are, or ought to be under discussion _cby L.G. Chiozza Money |
||
| 260 |
_aLondon _bMethuen _c1912 |
||
| 300 | _a299p. | ||
| 650 | _aUK - Economic Conditions | ||
| 999 |
_c374340 _d374340 |
||